Wypisz jeden kraj odpowiadający danej kategorii - Statystyki

Ogólne statystyki
  • Ten quiz został rozwiązany 415 razy
  • Średni wynik to 16 z 20
Statystyki odpowiedzi
Kateogria Państwa % Poprawnych
Posiada granicę lądową z Polską Białoruś | Czechy | Litwa | Niemcy | Rosja | Ukraina
97%
Zaczyna się literą "Z" Zambia | Zimbabwe | Zjednoczone Emiraty Arabskie
96%
Leży na dwóch kontynetach (Nie wliczając Eksklaw i terytoriów zamorskich) Egipt | Kazachstan | Panama | Rosja | Kazachstan
92%
Europejski kraj, który miał kolonie w Afryce Belgia | Francja | Hiszpania | Niemcy | Portugalia | Wielka Brytania | Włochy
88%
Należał do byłej Jugosławii Bośnia i Hercegowina | Chorwacja | Czarnogóra | Kosowo | Macedonia Północna | Serbia | Słowenia
88%
Leży w Himalajach Bhutan | Chiny | Indie | Mjanma | Nepal | Pakistan
87%
Państwo, które posiada najwysżą górę na kontynecie Argentyna | Chiny | Francja | Nepal | Papua Nowa-Gwinea | Tanzania | Stany Zjednoczone
86%
Ma włoski jako język urzędowy (nie wliczając Włoch) San Marino | Szwajcaria | Watykan
86%
Ma dostęp do morza Czerwonego Arabia Saudyjska | Dżibuti | Egipt | Erytrea | Izrael | Jemen | Jordania
83%
Ma dostęp do morza Kaspijskiego Azerbejdżan | Iran | Kazachstan | Turkmenistan | Rosja
75%
Leży w Pirenejach Andora | Francja | Hiszpania
74%
Ma dostęp do morza Egejskiego Grecja | Turcja
74%
Jest enklawą innego państwa Lesotho | San Marino | Watykan
71%
Posiada roszczenia terytorialne na Antarktydzie Argentyna | Australia | Chile | Francja | Norwegia | Nowa Zelandia
70%
Posiada mniejszą gęstość zaludnienia niż 3,6 osób na km2 Australia | Botswana | Mongolia | Namibia
67%
Nigdy nie był skolonizowany przez Europejczyków w Afryce Etiopia | Liberia
67%
Ma dostęp do morza Azowskiego Rosja | Ukraina
64%
Graniczy z Senegalem i Gwineą Gwinea Bissau | Mali
63%
Uznaje niepodległość Abchazji Nauru | Nikaragua | Syria | Rosja | Wenezuela
62%
Należy do BRICS Brazylia | Chiny | Indie | Republika Południowej Afryki | Rosja
60%
Nie znaleziono quizów pasujących do podanych kryteriów
Rozkład punktacji
Procent ludzi z każdym wynikiem
Percentyl według liczby udzielonych odpowiedzi
Twoja historia wyników
Nie rozwiązałeś tego quizu